000 00457nam a2200181Ia 4500
008 240925s9999 xx 000 0 und d
020 _a138550816
082 _a624.171 CHA
100 _aChajes, Alexander
245 0 _aSolutions manual structural analysis
250 _a2nd
260 _aLondon:
_bPrentice, Hall
_c,1990.
300 _ax,405p.
_bNA
_fOriginal
500 _aNA
600 _aElectronic Engineering
650 _aTechnology
942 _cBK
999 _c3787
_d3787